Závlahové stavby : Návody ke komplexnímu projektu a diplomovému semináři
Enregistré dans:
| Auteur principal: | |
|---|---|
| Format: | Livre |
| Langue: | tchèque |
| Publié: |
Brno :
Vysoké učení technické v Brně,
1987
|
| Tags: |
Pas de tags, Soyez le premier à ajouter un tag!
|
MARC
| LEADER | 00000nam a22000003a 4500 | ||
|---|---|---|---|
| 001 | stu86968 | ||
| 005 | 20150617225629.1 | ||
| 008 | 040513s1987----cs------------------cze-d | ||
| 040 | |a STU |b slo | ||
| 041 | 0 | |a cze | |
| 044 | |a cs | ||
| 080 | |a 626.8(075.8) | ||
| 100 | 1 | |a Šálek, Jan |4 aut | |
| 245 | 1 | |a Závlahové stavby : |b Návody ke komplexnímu projektu a diplomovému semináři | |
| 260 | |a Brno : |b Vysoké učení technické v Brně, |c 1987 | ||
| 300 | |a 252 s | ||
| 996 | |b 284V003372 |c V*29412/S-88 |l VVS |s A |a 24 |w stu86968_0002 | ||
| 996 | |b 284V003371 |c V*29413/S-88 |l VVS |s A |a 24 |w stu86968_0003 | ||
| 996 | |b 284V029562 |c V*29414/S-88 |l VVT |s A |a 24 |w stu86968_0004 | ||